| 000 | 00819nam a22002417a 4500 | ||
|---|---|---|---|
| 005 | 20240530110925.0 | ||
| 008 | 220214s2009 ua g 000 p ara d | ||
| 017 |
_bمصر. دار الكتب _a2009/17668 |
||
| 020 | _a9789774211125 | ||
| 040 |
_aEG-CaGPL _cEG-CaGPL |
||
| 082 | 0 | 4 |
_221 _a811.09/ _bج ب |
| 100 | 0 | _aجمال حماد | |
| 245 | 1 | 0 |
_aبين قلبى وحماسى : _bديوان شعر / _cجمال حماد |
| 250 | _aط. 1 | ||
| 260 |
_aالقاهرة : _bالهيئة المصرية العامة للكتاب، _c2009 |
||
| 300 |
_a286 ص. ؛ _c20 سم |
||
| 650 | 0 | 7 |
_2qrmak _aالشعر العربى |
| 651 | _2qrmak | ||
| 700 | 0 |
_aعبداللطيف عبدالحليم _eمقدم |
|
| 700 | 0 |
_aمحمود عكاشة _eمقدم |
|
| 942 |
_2ddc _cBK |
||
| 999 |
_c66559 _d66559 |
||